The impact of animals on self-centered behaviors of Alzheimer’s patients (notice n° 1664541)

détails MARC
000 -LEADER
fixed length control field 01938cam a2200169 4500500
005 - DATE AND TIME OF LATEST TRANSACTION
control field 20260222001641.0
041 ## - LANGUAGE CODE
Language code of text/sound track or separate title fre
042 ## - AUTHENTICATION CODE
Authentication code dc
100 10 - MAIN ENTRY--PERSONAL NAME
Personal name Forget-Moulineuf, Sarah
Relator term author
245 00 - TITLE STATEMENT
Title The impact of animals on self-centered behaviors of Alzheimer’s patients
260 ## - PUBLICATION, DISTRIBUTION, ETC.
Date of publication, distribution, etc. 2026.<br/>
500 ## - GENERAL NOTE
General note 63
520 ## - SUMMARY, ETC.
Summary, etc. Recent research shows that animal-assisted interventions (AAIs) have a positive impact on the quality of life of older people with Alzheimer’s disease in institutional settings. However, none of these studies specifically address self-centered behaviors, which are difficult for both caregivers and family members to understand. The objective of this study, based on two clinical cases, was to examine the effects of an animal-assisted intervention on self-centered behaviors in older people with Alzheimer’s disease. Our results showed that dogs elicited verbal and non-verbal communication in these individuals in a distinct and complementary way, as already documented in the literature. In addition, by stimulating cognitive, motor, and affective abilities, and by motivating older people with dementia, the presence of a dog was able to reduce or even eliminate self-centered behaviors, even in the context of advanced Alzheimer’s disease. In practice, these findings may help shift caregivers’ and family members’ perceptions of patients, as the presence of a dog can lead them to behave more appropriately and cooperatively, and to engage in activities they would otherwise refuse. This shared caregiver–patient experience may support the development of targeted IAAs focusing on self-centered behaviors and sustained communication.
700 10 - ADDED ENTRY--PERSONAL NAME
Personal name Grandgeorge, Marine
Relator term author
786 0# - DATA SOURCE ENTRY
Note Gérontologie et société | 47/ 178 | 3 | 2026-01-05 | p. 129-149 | 0151-0193
856 41 - ELECTRONIC LOCATION AND ACCESS
Uniform Resource Identifier <a href="https://shs.cairn.info/journal-gerontologie-et-societe-2025-3-page-129?lang=en&redirect-ssocas=7080">https://shs.cairn.info/journal-gerontologie-et-societe-2025-3-page-129?lang=en&redirect-ssocas=7080</a>

Pas d'exemplaire disponible.

PLUDOC

PLUDOC est la plateforme unique et centralisée de gestion des bibliothèques physiques et numériques de Guinée administré par le CEDUST. Elle est la plus grande base de données de ressources documentaires pour les Étudiants, Enseignants chercheurs et Chercheurs de Guinée.

Adresse

627 919 101/664 919 101

25 boulevard du commerce
Kaloum, Conakry, Guinée

Réseaux sociaux

Powered by Netsen Group @ 2025